| 000 | 01236nam0a22002891 4500 | ||
|---|---|---|---|
| 001 | rc\4917773 | ||
| 005 | 20250613040802.0 | ||
| 021 |
_aRU _b[66-53155] |
||
| 035 | _a(NLR Aleph) 008939200 | ||
| 090 |
_a8934866 _c8934866 |
||
| 100 | _a20130426d1966 |||y0rusy50 ca | ||
| 101 | 0 | _arus | |
| 102 | _aRU | ||
| 105 | _aa z ||||| | ||
| 200 | 1 |
_aНовое в производстве искусственной кожи на волокнистой основе (ИК) _fНауч.-техн. о-во легкой пром-сти. Обществ. ун-т |
|
| 210 |
_aМосква _cЛег. индустрия _d1966 |
||
| 215 |
_a60 с. _cил. _d21 |
||
| 225 | 1 | _aИз цикла лекций для заочных курсов по новой технике и технологии в промышленности искусственной кожи | |
| 320 | _aБиблиогр. в конце книги | ||
| 606 |
_aКожзаменители _xПроизводство _2psbo |
||
| 700 | 1 |
_aБернштейн _bМ.Х. _gМордух Хацкелевич |
|
| 701 | 1 |
_aЯбко _bЯ.М. _gЯков Моисеевич |
|
| 801 | 0 |
_aRU _bNLR _gpsbo |
|
| 801 | 1 |
_aRU _bELAR _2rusmarc |
|
| 852 |
_aNLR _j66-6/8183 |
||
| 942 | _cBOOK | ||
| 980 | _aNB | ||